Geography Quiz

Random Geography or City Quiz
Score 0/7 Timer 03:00
0 Plays Today
Hint Answer % Correct
1,197,816Dallas, TX
100%
741,206Fort Worth, TX
91.9%
365,438Arlington, TX
80.2%
193,524Little Rock, AR
80.2%
226,876Garland, TX
59.3%
175,396Grand Prairie, TX
52.3%
139,824Mesquite, TX
48.8%
Remove Ads.
Support Sporcle.
Get the best of Sporcle when you Go Orange. This ad-free experience offers more features, more stats, and more fun while also helping to support Sporcle. Thank you for becoming a member.

You're not logged in!

Compare scores with friends on all Sporcle quizzes.
OR
Log In

Show Comments

Extras

Created Oct 19, 2013SourceReportNominate
Tags:City Quiz, along

Top Quizzes Today


Score Distribution

Your Account Isn't Verified!

In order to create a playlist on Sporcle, you need to verify the email address you used during registration. Go to your Sporcle Settings to finish the process.

Report this User

Report this user for behavior that violates our Community Guidelines.

Details: